|
|
|
|
| LEADER |
00922pam a22003258a 4500 |
| 001 |
00036781 |
| 005 |
20171026081023.0 |
| 008 |
170328s2011 ||||||Viesd |
| 020 |
# |
# |
|c 30000
|
| 041 |
0 |
# |
|a Vie
|
| 082 |
1 |
4 |
|a 895.922 334
|b NH556NG
|
| 100 |
0 |
# |
|a Bạch Phần
|
| 245 |
0 |
0 |
|a Những ngày nước mắt và hoa
|c Bạch Phần
|
| 260 |
# |
# |
|a Hà Nội
|b Công an nhân dân
|c 2011
|
| 300 |
# |
# |
|a 152tr.
|c 21 cm.
|
| 653 |
# |
# |
|a Truyện ngắn
|
| 653 |
# |
# |
|a Việt Nam
|
| 653 |
# |
# |
|a Văn học hiện đại
|
| 852 |
# |
# |
|b Kho mượn
|j KM.0020685, KM.0020686, KM.0020687
|
| 852 |
# |
# |
|b Kho đọc
|j KD.0019658
|
| 852 |
# |
# |
|j KD.0019658
|j KM.0020685
|j KM.0020686
|j KM.0020687
|
| 910 |
|
|
|d 28/03/2017
|
| 980 |
# |
# |
|a Trung tâm Học liệu Lê Vũ Hùng, Trường Đại học Đồng Tháp
|